000 00337nam a2200145Ia 4500
008 090124s9999 xx 000 0 und d
082 _b202489
245 _aFASTER AND FARTHER
250 _a1
260 _bALI NAJABAT MIR
_c1973
300 _a79
630 _aFASTER AND FARTHER
730 _aFASTER AND FARTHER
942 _cBOOK
999 _c184070
_d184070